00521nmm a2200157Ia 4500008004100000020001800041041000800059100002000067245010000087264006000187300001800247650002300265856005100288942000700339999001700346251105s9999||||xx |||||||||||||||||und|| a9789587841497 aspa aAguirre, Javier 0aFilosofía, religión y democracia: Habermas y el rol de la religión en la esfera pública a[Bogotá, Colombia] :bUniversidad del Rosario, c2018 a294 páginas aPhilosophy, Ethics uhttps://public.digitaliapublishing.com/a/59753 cCF c96381d96381